Fractal river basins : chance and self-organization /
Guardado en:
| Autor Principal: | |
|---|---|
| Otros Autores: | |
| Formato: | Libro |
| Idioma: | English |
| Publicado: |
Cambridge :
Cambridge University Press,
1997.
|
| Materias: | |
| Acceso en línea: | Publisher description |
| Etiquetas: |
Agregar Etiqueta
Sin Etiquetas, Sea el primero en etiquetar este registro!
|
| LEADER | 01249cam a2200241 a 4500 | ||
|---|---|---|---|
| 001 | MAT.inmabb003338 | ||
| 008 | 970212s1997####enkabf###b####001#0#eng## | ||
| 005 | 20160614115514.0 | ||
| 245 | 1 | 0 | |a Fractal river basins : |b chance and self-organization / |c Ignacio Rodriguez-Iturbe, Andrea Rinaldo. |
| 260 | |a Cambridge : |b Cambridge University Press, |c 1997. | ||
| 300 | |a xvi, 547 p., [4] p. de láms. : |b il. (algunas col.), mapas ; |c 27 cm. | ||
| 504 | |a Incluye referencias bibliográficas (p. 525-539) e índices. | ||
| 505 | 8 | |a Capítulos: 1. A view of river basins -- 2. Fractal characteristics of river basins -- 3. Multifractal characteristics of river basins -- 4. Optimal channel networks: minimum energy and fractal structures -- 5. Self-organized fractal river networks -- 6. On landscape self-organization -- 7. Geomorphologic hydrologic response. | |
| 020 | |a 0521473985 | ||
| 100 | 1 | |a Rodríguez-Iturbe, Ignacio. | |
| 700 | 1 | |a Rinaldo, Andrea, |d 1954- | |
| 650 | 0 | |a Rivers |x Mathematical models. | |
| 650 | 0 | |a Fractals. | |
| 084 | |a 86A05 (28A80) |2 msc2000 | ||
| 010 | |a 97007735 | ||
| 040 | |a DLC |c DLC |d DLC | ||
| 856 | 4 | 2 | |3 Publisher description |u http://www.loc.gov/catdir/description/cam028/97007735.html |
| 859 | |h 86 |i R696 |p A-7573 |b BIB. MATEMATICA | ||
